| 000 | 00578cam a2200193 4500 | ||
|---|---|---|---|
| 001 | 45504 | ||
| 090 | _a45504 | ||
| 100 | _a19990108d1943 m y0pory50030103ba | ||
| 101 | 0 | _apor | |
| 102 | _aPT | ||
| 200 | 1 |
_aCivilizacões primitivas _fFlausino Torres |
|
| 210 | 9 |
_aLisboa _cEdições Cosmos, _dimp. 1943 |
|
| 215 |
_a171, [4] p., [8] p. _cil _d19 cm |
||
| 225 | 2 |
_aBiblioteca Cosmos _v46-47. _h4.ª seccão, _iPovos e Civilizacões _v3-4 |
|
| 317 | _aDoa—cão de Ana Rita Palmeirim | ||
| 675 |
_a903'1 _vBN _zpor |
||
| 700 | 1 |
_aTorres, _bFlausino, _f1906-1974 |
|
| 801 | 0 |
_aPT _bBN _gRPC |
|
| 990 | _cLIVROS | ||